000 00934nam a2200229 a 4500
001 093935
003 BD-ChCU
005 20251203085943.0
008 1991s2016 aii b 002 ben
040 _aDLC
_cDLC
_dBD-ChCU
082 0 0 _a৩২৭/ভট্টা৪আ
100 1 _aভট্টাচার্য, গৌরীপদ
_c
245 0 0 _aআন্তর্জাতিক সম্পর্ক /
_c
_cগৌরীপদ ভট্টাচার্য
246 0 0 _aAntorjatik somporko
250 _a২য় সং
260 _aকলকাতা :
_cপশ্চিমবঙ্গ রাজ্য পুস্তক
_c১৯৯১
300 _a৬৩১পৃ:
504 _aIncludes index and bibliograpy and glossary(P627-631).
650 0 _aআন্তর্জাতিক সম্পর্ক
_cআন্তর্জাতিক
650 _aAntorjatik somporko
942 _2ddc
_cBK
999 _c93935
_d93935